[Event "XX Sant Marti Open 2018"]
[Site "Sant Marti"]
[Date "2018.07.16"]
[Round "4"]
[White "Mitrabha, Guha"]
[Black "Quesada Perez, Yasser"]
[Result "1/2-1/2"]
[WhiteElo "2299"]
[BlackElo "2531"]
[Annotator "TA"]
[PlyCount "160"]
[EventDate "2018.07.13"]
[EventType "swiss"]
[EventCountry "ESP"]
[SourceTitle "playchess.com"]
[Source "ChessBase"]
[SourceQuality "1"]

{[%evp 13,160,0,0,0,0,0,0,0,8,7,28,0,24,14,10,0,7,0,4,0,0,0,0,0,0,0,0,0,0,0,0,-17,-2,-34,-35,-24,-25,-27,-12,-67,-79,-100,-95,-149,-33,-78,0,0,14,5,25,25,112,102,197,104,130,125,123,124,127,79,81,42,35,37,45,47,96,45,52,62,75,56,57,53,55,61,91,40,40,55,55,55,55,50,52,43,46,57,49,48,59,22,22,22,22,16,16,16,29,22,22,22,29,29,29,16,29,16,16,16,16,16,29,29,29,29,29,29,29,29,29,16,30,30,30,30,30,0,0,0,30,30,30,29,30,30,30,8,8,8,8,8,8,8,71,71,71]} 1. d4 d5 2. Nf3 Nf6 3. Bf4 c5 4. e3 Nc6 5. Nbd2 Bg4 6. c3 e6 7. Qa4 {D02: Damenbauernspiele} (7. Qb3 Qc8 8. Ne5 Nxe5 9. Bxe5 c4 10. Qc2 Bf5 11. Qd1 Nd7 12. g4 Bg6 13. Bg3 h5 14. g5 h4 {1-0 (45) Karjakin,S (2783)-Meier,G (2630) chess.com INT 2017}) 7... Nd7 {LiveBook: 5 Partien} 8. Ne5 Ndxe5 9. Bxe5 {Die Stellung ist ausgeglichen.} f6 10. Bg3 $146 ({Vorgänger:} 10. dxc5 Bh5 11. Bg3 Bxc5 12. Nb3 Be7 13. Bb5 Qd7 14. O-O O-O {½-½ (35) Rosso,P (2249)-Komissarov,Y (2166) Chessfriend.com 2005}) 10... cxd4 11. exd4 Bd6 12. Bb5 Qc7 13. Nb3 O-O 14. Bxc6 {Und weiter mit Lxd6 wäre nett.} bxc6 15. O-O Bf5 16. Bxd6 Qxd6 17. Rfe1 Rfe8 18. Qb4 Qc7 19. Qa5 Qb6 20. Qa3 e5 21. dxe5 fxe5 22. Re3 d4 23. Rg3 Rad8 24. Re1 {[#]} c5 $1 {[%mdl 512]} 25. h3 ({Viel schlechter ist} 25. Nxc5 d3 $17) (25. Qxc5 Qxc5) 25... Bc2 26. cxd4 (26. Qa4 $11) 26... cxd4 $15 27. Nd2 e4 $1 28. Kh1 (28. b4 $142) 28... Qc7 (28... g6 $1 $17 29. Kg1 Rc8) 29. Rg4 {[%cal Rd2e4]} h5 (29... h6 $17 {Droht ...e3! und aus.} 30. Nxe4 Rxe4 31. Rgxe4 Bxe4 32. Rxe4 d3) 30. Rg5 $1 $40 {[%mdl 128] Weiss hat was vor.} Qf4 31. Qa5 $1 Rf8 ({Falsch wäre} 31... Qxf2 $2 32. Rf1 $18) 32. Rc1 d3 (32... Rc8 $11 {hält das Gleichgewicht.}) 33. Re1 $16 Qxf2 {[#]} (33... Rd7 $16 {war einen Versuch wert.}) 34. Rxe4 (34. Rxg7+ $1 $18 {[%mdl 512]} Kxg7 35. Qg5+ Kh7 36. Qxh5+ Kg7 37. Rxe4) 34... Qf7 35. Rxh5 Bd1 36. Rhe5 Rd7 37. Qc3 Be2 38. Qc4 Rc7 39. Rc5 Qxc4 40. Rexc4 Rcf7 41. Rc8 ({Lieber} 41. Rd4 $16) 41... Rxc8 42. Rxc8+ $14 {[%mdl 4096] Endspiel KTL-KTS} Kh7 43. Kh2 Bd1 44. Kg3 Re7 45. Rd8 Bc2 $1 46. Rd6 ({Günstiger ist} 46. Kf3 $16) 46... Re2 47. Nf3 {Weiss will mit Sg5+ Matt setzen.} Kg8 48. b4 Kf8 49. Rd4 Re6 50. a4 Bxa4 51. Rxd3 {Und Ta3 würde nun gewinnen.} Bc6 52. Ra3 Re4 53. Ra6 Bb7 54. Rxa7 Rxb4 55. Ne1 Rb2 56. Ra4 Re2 57. Rf4+ Kg8 58. Nf3 Bxf3 59. Kxf3 $11 {KT-KT} Ra2 60. g3 g6 61. Kg4 Kg7 62. Rb4 Ra3 63. Kf4 Ra7 64. h4 Rf7+ 65. Kg5 Rf5+ 66. Kg4 Rf7 67. Rb6 Ra7 68. Rb5 Rc7 69. Kg5 Ra7 70. g4 Rc7 71. Kf4 Rc4+ 72. Kg5 Rc7 73. Re5 Ra7 74. Kf4 Rb7 75. g5 Kf7 76. Rc5 Rb4+ 77. Ke5 Rxh4 78. Rc7+ Kg8 $1 79. Kf6 Rf4+ (79... Rb4 $11 {bleibt in der Remisbreite.}) 80. Kxg6 $16 {Schwarz muss nun Tc8+ beachten.} Rf8 {Precision: Weiß = 49%, Schwarz = 58%.} 1/2-1/2

[Event "XX Sant Marti Open 2018"]
[Site "Sant Marti"]
[Date "2018.07.16"]
[Round "4"]
[White "Lacasta Palacio, Joaquim"]
[Black "Pena Gomez, Manuel"]
[Result "0-1"]
[WhiteElo "2105"]
[BlackElo "2475"]
[Annotator "ChessBase"]
[PlyCount "45"]
[EventDate "2018.07.13"]
[EventType "swiss"]
[EventCountry "ESP"]
[SourceTitle "playchess.com"]
[Source "ChessBase"]
[SourceQuality "1"]
[TimeControl "5400+30"]

1. Nf3 {[%emt 0:07:53]} Nf6 {[%emt 0:00:00]} 2. d4 {[%emt 0:00:33]} g6 {[%emt 0:00:00]} 3. Bf4 {[%emt 0:01:13]} Bg7 4. e3 {[%emt 0:00:18]} d6 {[%emt 0:00:24]} 5. Be2 {[%emt 0:00:24]} O-O {[%emt 0:04:28]} 6. c3 {[%emt 0:01:36]} Nc6 {[%emt 0:01:01]} 7. h3 {[%emt 0:01:02]} Nd7 {[%emt 0:01:19]} 8. Bh2 {[%emt 0:01:46]} e5 {[%emt 0:00:10]} 9. Nbd2 {[%emt 0:10:00]} a6 {[%emt 0:03:06]} 10. O-O {[%emt 0:01:38]} f5 {[%emt 0:01:39]} 11. b4 {[%emt 0:21:09]} Kh8 {[%emt 0:04:07]} 12. Qb3 {[%emt 0:03:52]} Qe7 {[%emt 0:00:54]} 13. d5 {[%emt 0:10:16]} Nd8 {[%emt 0:02:50]} 14. Rad1 {[%emt 0:01:03]} g5 {[%emt 0:02:44]} 15. Kh1 {[%emt 0:00:35]} Nf7 {[%emt 0:04:27]} 16. Nc4 {[%emt 0:13:21]} Nf6 {[%emt 0:00:51]} 17. Na5 {[%emt 0:01:19]} Rg8 {[%emt 0:05:49]} 18. c4 {[%emt 0:05:32]} Bf8 {[%emt 0:01:38]} 19. Ng1 {[%emt 0:02:20]} g4 {[%emt 0:03:40]} 20. Qb2 {[%emt 0:07:02]} Bg7 {[%emt 0:07:43]} 21. Qc1 {[%emt 0:00:28]} Bh6 {[%emt 0:03:08]} 22. c5 {[%emt 0:04:36]} Ne4 {[%emt 0:01:34]} 23. Bd3 0-1

[Event "XX Sant Marti Open 2018"]
[Site "Sant Marti"]
[Date "2018.07.16"]
[Round "4"]
[White "Dahale, Atul"]
[Black "Ruiz Castillo, Joshua Daniel"]
[Result "1/2-1/2"]
[WhiteElo "2040"]
[BlackElo "2410"]
[Annotator "TA"]
[PlyCount "125"]
[EventDate "2018.07.13"]
[EventType "swiss"]
[EventCountry "ESP"]
[SourceTitle "playchess.com"]
[Source "ChessBase"]
[SourceQuality "1"]

{[%evp 20,125,15,16,31,0,0,0,0,0,0,0,0,0,0,0,0,0,0,-44,-36,-32,-26,-47,-21,-32,0,-18,-4,-88,-88,-88,-85,-88,-88,-89,-96,-99,-96,-97,-79,-72,-71,-72,-72,-84,-54,-60,-60,-62,-54,-85,-85,-97,-89,-244,-244,-271,-263,-253,-237,-236,-150,-181,-175,-150,-87,-85,-80,-110,-29,-97,-8,-14,-8,-25,0,0,0,0,0,0,0,0,0,0,0,0,0,0,0,0,0,0,0,0,0,0,0,0,0,0,0,0,0,0,0,0]} 1. d4 Nf6 2. c4 e6 3. Nc3 Bb4 4. f3 O-O 5. a3 Bxc3+ 6. bxc3 Ne8 7. e4 b6 8. Bd3 Nc6 {E27: Nimzo-Indian: Sämisch: 5...0-0 6 f3} 9. Nh3 (9. e5 f5 10. Nh3 Ba6 11. O-O Na5 12. Qe2 d5 13. Bg5 Qd7 14. cxd5 Bxd3 15. Qxd3 exd5 16. Rae1 {½-½ (52) Li,C (2720)-Sanal,V (2533) Khanty-Mansiysk 2017}) 9... Na5 10. Qe2 Ba6 11. O-O {LiveBook: 42 Games} h6 $146 ({Predecessor:} 11... c5 12. e5 h6 13. d5 exd5 14. cxd5 Bxd3 15. Qxd3 d6 16. f4 c4 17. Qf3 Nb3 18. Rb1 {½-½ (103) Volkov,S (2598)-Tahbaz,A (2434) Dubai 2018}) 12. e5 d5 13. cxd5 Bxd3 14. Qxd3 {Strongly threatening dxe6.} Qxd5 15. Nf4 Qc4 16. Qxc4 Nxc4 17. a4 c5 18. dxc5 Nc7 19. Ba3 Rfd8 20. cxb6 axb6 21. Bb4 Nxe5 22. a5 b5 23. Rfd1 {Threatens to win with Bd6.} Na6 24. Be7 (24. Rdb1 $11 {keeps the balance.}) 24... Rxd1+ $17 25. Rxd1 Nc6 26. Bb4 Naxb4 27. cxb4 Nxb4 {[%mdl 4096] Endgame KRN-KRN} 28. Rb1 Nc6 29. Rxb5 Nxa5 30. h4 g6 31. Nd3 Nc4 32. Ne5 Nd6 33. Rb6 Ra1+ 34. Kh2 Rd1 35. Rb8+ Kg7 36. Rd8 Rd5 37. Rd7 $2 (37. g4 $17) 37... Nf5 $19 ({Don't play} 37... Rxe5 38. Rxd6 Rd5 39. Ra6 $17) 38. Rxd5 exd5 {KN-KN} 39. Kh3 Kf6 40. Nd3 Nd4 41. Kg4 h5+ 42. Kf4 Nf5 (42... Ne6+ $142 $1 43. Ke3 Kf5) 43. g3 $17 Ke6 44. g4 Nxh4 ({Better is} 44... hxg4 $17 45. Nc5+ Kf6 46. Kxg4 Ke5) 45. Kg3 $11 {[#]} g5 (45... Nf5+ $1 $17 {[%mdl 512]} 46. gxf5+ Kxf5) 46. f4 $1 hxg4 47. Kxg4 f5+ 48. Kh5 {The position is equal.} g4 49. Kxh4 {Hoping for Nc5+. KN-K3P} d4 50. Kg3 Kd5 {White must now prevent ...Ke4.} 51. Nf2 Kc4 52. Nxg4 fxg4 {KPP-KP} 53. f5 d3 54. f6 d2 55. f7 d1=Q {( -> ...Qf3+)} 56. f8=Q {KQ-KQ} Qg1+ 57. Kh4 Qh2+ 58. Kxg4 Qg2+ 59. Kh5 Qh3+ 60. Kg6 Qg4+ 61. Kf7 Qf5+ 62. Ke8 Qxf8+ 63. Kxf8 {Precision: White = 67%, Black = 60%.} 1/2-1/2

[Event "XX Sant Marti Open 2018"]
[Site "Sant Marti"]
[Date "2018.07.17"]
[Round "5"]
[White "Martinez Alcantara, Jose Eduardo"]
[Black "Guseinov, Gadir"]
[Result "1/2-1/2"]
[WhiteElo "2545"]
[BlackElo "2654"]
[Annotator "TA"]
[PlyCount "70"]
[EventDate "2018.07.13"]
[EventType "swiss"]
[EventCountry "ESP"]
[SourceTitle "playchess.com"]
[Source "ChessBase"]
[SourceQuality "1"]

{[%evp 23,70,23,28,32,41,41,27,31,44,42,44,2,0,0,39,39,44,0,20,0,0,0,0,0,0,0,0,0,27,8,27,27,23,9,4,10,10,3,14,0,17,0,7,7,7,8,15,0,5]} 1. e4 c5 2. Nf3 g6 3. d4 cxd4 4. Nxd4 Nc6 5. c4 Nf6 6. Nc3 d6 7. Be2 Nxd4 8. Qxd4 Bg7 9. Be3 O-O 10. Qd2 a5 {B36: Sizilianisch (Maroczy-Aufbau)} 11. f3 (11. O-O a4 12. Bd4 Be6 13. f4 Qa5 14. Rad1 Rac8 15. b3 axb3 16. axb3 b5 17. Bxf6 Bxf6 18. Nxb5 Qxd2 19. Rxd2 Ra8 20. Nc7 Ra3 21. Nxe6 fxe6 {1-0 (58) Yu,Y (2759)-Bu,X (2718) Hangzhou 2018}) 11... a4 12. Rc1 Be6 {LiveBook: 26 Partien. Weiß hat minimalen Vorteil.} 13. Kf2 Nd7 14. Rhd1 Qa5 15. Nd5 Rfe8 16. b4 axb3 $1 {[#]} 17. axb3 $146 ({Vorgänger:} 17. Qxa5 Rxa5 18. axb3 {½-½ (35) Robson,N (2549)-Privara,I (2520) ICCF email 2012}) 17... Qxd2 18. Rxd2 {[#] Schwarz muss nun Sc7 beachten.} Ra3 (18... Nc5 $5 {[%cal Rc5b3]} 19. Rb1 Bxd5 20. cxd5 Rec8 $11) 19. b4 b6 20. g3 Kf8 21. Rd3 Ra4 22. Bd1 Ra2+ 23. Rd2 Ra3 24. Be2 Rc8 25. Rdc2 Rb8 26. Rb1 f5 27. Nc7 Bf7 28. Nb5 Ra4 {Die Stellung ist ausgeglichen.} 29. exf5 gxf5 30. Nc3 $36 {[%mdl 2048] Weiss hat Initiative.} Ra3 31. Nb5 Ra4 32. Nc3 Bxc3 33. Rxc3 Ra2 34. Rbc1 Rb2 35. c5 bxc5 {Precision: Weiß = 45%, Schwarz = 60%.} 1/2-1/2

[Event "XX Sant Marti Open 2018"]
[Site "Sant Marti"]
[Date "2018.07.17"]
[Round "5"]
[White "Quesada Perez, Yasser"]
[Black "Aguero Jimenez, Luis Lazaro"]
[Result "1-0"]
[WhiteElo "2531"]
[BlackElo "2473"]
[Annotator "TA"]
[PlyCount "84"]
[EventDate "2018.07.13"]
[EventType "swiss"]
[EventCountry "ESP"]
[SourceTitle "playchess.com"]
[Source "ChessBase"]
[SourceQuality "1"]

{[%evp 30,84,-3,0,20,0,29,21,30,0,1,0,0,0,0,18,29,0,33,18,19,0,11,0,0,-6,2,12,39,30,109,20,27,34,180,125,126,115,118,125,153,87,121,0,0,0,0,0,0,0,0,0,591,575,566,577,885]} 1. e4 e5 2. Nf3 Nc6 3. Bb5 a6 4. Ba4 Nf6 5. O-O Be7 6. Re1 b5 7. Bb3 d6 8. c3 O-O 9. d4 {[%cal Bd2d4,Bd4d5][%mdl 32]} Bg4 10. d5 Na5 11. Bc2 Qc8 12. h3 Bd7 13. Nbd2 c6 14. dxc6 Qxc6 15. Nf1 Rfc8 {C91: Closed Ruy Lopez: 7...d6 8 c3 0-0 9 d4} 16. Ng3 {LiveBook: 4 Games} (16. Ne3 Nc4 17. Nf5 Bxf5 18. exf5 h6 19. a4 Bd8 20. b3 Nb6 21. axb5 axb5 22. Rxa8 Rxa8 23. Bb2 {½-½ (80) Perunovic,M (2622)-Karjakin,S (2762) Berlin 2015}) 16... Bd8 17. Bd3 Bb6 $146 {The position is equal.} ({Predecessor:} 17... Nb7 18. Bg5 Nc5 19. Qd2 Ne8 20. Bc2 f6 21. Be3 Be6 22. Nh2 Na4 23. Bb3 Bxb3 24. axb3 {1-0 (42) Zawadzka,J (2430)-Foisor,C (2361) Wroclaw 2015}) 18. Bg5 {And now Bxf6 would win.} Bd8 $1 19. b4 Nc4 20. Bxc4 bxc4 21. a4 h6 22. Bxf6 Bxf6 23. Nh2 Rd8 24. Ng4 Bg5 25. Ne3 Be6 26. Nd5 {Strongly threatening h4!} g6 27. Qf3 Rf8 28. Red1 Kh8 29. a5 f5 (29... Rac8 $11) 30. Nb6 (30. exf5 $16 gxf5 31. h4 Bxd5 32. Qxd5 Qxd5 33. Rxd5) 30... Rad8 $11 31. exf5 Qe8 (31... Qxf3 $14 32. gxf3 gxf5) 32. Ne4 ({Better is} 32. Qe2 $1 $18 gxf5 33. Rxd6 $3 {[%mdl 512]} (33. Nxc4 Qb5 $16)) 32... Rxf5 $16 33. Qe2 Qc6 34. Ra2 h5 {[#]} 35. f3 (35. b5 $142 $1 {[%mdl 512]} axb5 36. a6) 35... Bf4 {[#]} 36. Nd2 (36. Nc5 $1 $16 {[%cal Rc5e6][%mdl 512]} Bc8 (36... dxc5 37. Rxd8+) 37. Qxc4 (37. Nxc4 Rff8 $14)) 36... d5 $11 37. Ndxc4 Rg5 38. h4 $36 {[%mdl 2048] White has the initiative.} Rf5 39. Ne3 Rff8 {With the idea ...d4.} 40. Rad2 {[%cal Re3d5]} Qxc3 $2 {[%mdl 8192]} (40... e4 $11 {and Black stays safe.}) 41. Nexd5 $18 Bxd5 42. Nxd5 Qc8 {Precision: White = 38%, Black = 35%.} 1-0

[Event "XX Sant Marti Open 2018"]
[Site "Sant Marti"]
[Date "2018.07.17"]
[Round "5"]
[White "Cuartas, Jaime Alexander"]
[Black "Miciano, John Marvin"]
[Result "1-0"]
[WhiteElo "2508"]
[BlackElo "2411"]
[Annotator "TA"]
[PlyCount "89"]
[EventDate "2018.07.13"]
[EventType "swiss"]
[EventCountry "ESP"]
[SourceTitle "playchess.com"]
[Source "ChessBase"]
[SourceQuality "1"]

{[%evp 13,89,28,25,32,54,39,62,54,52,61,67,65,66,64,67,48,58,68,66,48,49,15,29,20,32,0,0,-9,32,-24,-11,-24,8,-36,-23,-12,-23,-33,-8,0,28,26,45,45,54,40,47,52,90,103,106,97,112,106,98,105,114,117,96,108,112,106,135,132,169,162,490,488,488,478,488,483,712,766,29969,29971,5777,2545]} 1. e4 g6 2. d4 {[%cal Bd2d4,Bd4d5][%mdl 32]} Bg7 3. Nf3 d6 4. Bc4 Nf6 5. Nc3 O-O 6. O-O Nc6 7. d5 Na5 {LiveBook: 3 Games. B08: Pirc Defence: Classical System} (7... Nb8 8. h3 c6 9. a4 b6 10. Re1 Bb7 11. Bf4 Nbd7 12. Qd2 Rc8 13. Ba2 cxd5 14. exd5 Re8 15. Bh6 Rc5 16. Bxg7 Kxg7 17. b4 {1-0 (37) Cuartas,J (2455)-Narciso Dublan,M (2504) Barcelona 2016}) 8. Be2 c5 9. a3 Nd7 $146 {White is slightly better.} ({Predecessor:} 9... a6 10. b4 cxb4 11. axb4 Nxe4 12. Nxe4 Bxa1 13. Bh6 Bg7 14. Bxg7 Kxg7 {1-0 (50) Vitoux,C (2317)-Kahn,E (2293) Budapest 2007}) 10. Bd2 b6 11. Qc1 a6 12. Bh6 b5 13. Bxg7 Kxg7 14. b4 Nb7 $1 {[%cal Ba5b7,Bb7d8,Bd8f7][%mdl 32]} 15. Qb2 f6 16. Nd1 Nb6 17. Qc1 Bd7 18. Ne3 Qc7 19. Nh4 Nd8 20. f4 Nf7 21. Rf3 (21. Qd2 $14) 21... Rg8 22. Qd2 Kh8 23. Raf1 a5 24. c3 axb4 25. axb4 Na4 26. Rc1 Rac8 {[#] White must now prevent ...cxb4.} 27. Rff1 Qb6 28. Kh1 Rc7 29. Nf3 Rgc8 30. h3 cxb4 31. cxb4 Kg8 32. Kh2 Kg7 33. Rfe1 Kg8 34. Bf1 Rxc1 35. Rxc1 Rxc1 36. Qxc1 Qa7 37. Be2 Nb6 38. Qd2 Qa3 39. Nd4 g5 $2 {[#]} (39... Qa6 40. Nc6 Kf8) 40. Bxb5 $18 gxf4 41. Nef5 Bxf5 42. Nxf5 Kf8 (42... Qa8 $142 43. Nxe7+ Kg7 44. Nf5+ Kh8 45. Qxf4 Qf8) 43. Qf2 Nc8 44. Qc2 Na7 45. Qc7 {Precision: White = 66%, Black = 46%.} 1-0

[Event "XX Sant Marti Open 2018"]
[Site "Sant Marti"]
[Date "2018.07.17"]
[Round "5"]
[White "Munoz, Miguel"]
[Black "Mitrabha, Guha"]
[Result "1/2-1/2"]
[WhiteElo "2500"]
[BlackElo "2299"]
[Annotator "TA"]
[PlyCount "36"]
[EventDate "2018.07.13"]
[EventType "swiss"]
[EventCountry "ESP"]
[SourceTitle "playchess.com"]
[Source "ChessBase"]
[SourceQuality "1"]

{[%evp 20,36,27,14,21,19,44,6,17,11,10,-18,0,-25,-18,-17,-14,-25,-20]} 1. e4 c6 2. d4 d5 3. Nd2 dxe4 4. Nxe4 Nf6 5. Nxf6+ exf6 6. c3 Bd6 7. Bd3 O-O 8. Ne2 Re8 9. O-O {B15: Caro-Kann (Flohr-Variante)} Nd7 10. Bf4 Nf8 11. Qd2 {LiveBook: 3 Partien. Weiß hat minimalen Vorteil.} Bg4 {[#] ...Lxe2 ist eine echte Drohung.} 12. Bxd6 $146 ({Vorgänger:} 12. Rfe1 Bxe2 13. Rxe2 Rxe2 14. Bxe2 Ne6 15. Bxd6 Qxd6 16. Rd1 Rd8 {0-1 (46) Briestensky,R (2310)-Berkes,F (2688) Velky Cetin 2018}) 12... Qxd6 13. Qf4 Qd7 14. Ng3 Ng6 15. Bxg6 hxg6 16. f3 Be6 17. Ne4 b6 18. Qd6 f5 1/2-1/2

[Event "XX Sant Marti Open 2018"]
[Site "Sant Marti"]
[Date "2018.07.17"]
[Round "5"]
[White "Oliva Castaneda, Kevel"]
[Black "Valenzuela Gomez, Fernando"]
[Result "1-0"]
[WhiteElo "2491"]
[BlackElo "2389"]
[Annotator "TA"]
[PlyCount "73"]
[EventDate "2018.07.13"]
[EventType "swiss"]
[EventCountry "ESP"]
[SourceTitle "playchess.com"]
[Source "ChessBase"]
[SourceQuality "1"]

{[%evp 22,73,14,9,16,13,3,12,21,26,36,41,33,23,52,54,80,-8,70,23,204,235,210,148,142,132,147,139,139,150,188,202,287,285,285,296,296,294,285,279,268,205,301,280,330,223,357,349,356,363,1293,1285,1254,1230]} 1. d4 Nf6 2. c4 g6 3. Nc3 Bg7 4. e4 d6 5. Be2 O-O 6. Be3 c5 7. d5 e6 8. Nf3 {E73: Königsindisch (Awerbach-Angriff)} exd5 9. cxd5 Bg4 10. Nd2 Bxe2 11. Qxe2 Re8 12. O-O {LiveBook: 8 Partien} Na6 13. h3 Nc7 14. a4 {[%cal Ba2a4,Ba4a5][%mdl 32]} a6 $146 ({Vorgänger:} 14... b6 15. Qd3 Nd7 {½-½ (45) Rodshtein,M (2688)-Rasik,V (2466) Czech Republic 2017}) 15. a5 Rb8 16. Qd3 Nd7 17. f4 f5 18. Rae1 Qf6 {[#]} 19. Kh1 (19. Nc4 $1 $16) 19... Kh8 (19... b5 $11) 20. Bg1 Rf8 $2 (20... b5 $11) 21. Nc4 $18 {Droht e5 und aus.} Rbe8 22. e5 dxe5 23. fxe5 Nxe5 24. Nxe5 Rxe5 25. Bxc5 Rd8 26. Bd4 Rxe1 (26... Qd6 {war einen Versuch wert.} 27. Bxe5 Bxe5) 27. Bxf6 Rxf1+ 28. Qxf1 Bxf6 29. Qc4 Ne8 30. Qb4 {[%cal Rb4f8]} Nd6 31. Qb6 Re8 (31... Rd7 {ist eine bessere Verteidigung.} 32. Ne2 Be5) 32. g3 ({Jedoch nicht} 32. Qxd6 $2 Re1+ 33. Kh2 Be5+ 34. Qxe5+ Rxe5 $19) 32... Be5 33. Kg2 Kg8 (33... Rc8 $142 34. Kf3 Kg7) 34. Qc7 h5 35. Qd7 f4 $2 {[#]} (35... h4 36. gxh4 Kf8) 36. Ne4 $1 {[%mdl 512]} f3+ (36... Nxe4 37. Qxe8+) 37. Kf1 {Precision: Weiß = 69%, Schwarz = 20%.} 1-0

[Event "XX Sant Marti Open 2018"]
[Site "Sant Marti"]
[Date "2018.07.17"]
[Round "5"]
[White "Pena Gomez, Manuel"]
[Black "Alonso Rosell, Alvar"]
[Result "1-0"]
[WhiteElo "2475"]
[BlackElo "2523"]
[Annotator "TA"]
[PlyCount "79"]
[EventDate "2018.07.13"]
[EventType "swiss"]
[EventCountry "ESP"]
[SourceTitle "playchess.com"]
[Source "ChessBase"]
[SourceQuality "1"]

{[%evp 19,79,18,19,20,13,0,47,20,40,40,40,39,45,36,39,46,39,45,79,70,77,66,76,76,113,55,43,41,40,17,23,0,0,0,0,0,244,229,237,241,235,229,309,317,271,298,591,550,603,577,1077,1004,12836,12835,12837,12837,12835,12834,12834,12553,601,-151]} 1. c4 c5 2. g3 Nc6 3. Bg2 g6 4. Nc3 Bg7 5. a3 d6 6. Rb1 a5 7. d3 e5 8. e4 Nge7 9. Nge2 O-O 10. O-O f5 {LiveBook: 3 Games} 11. Nd5 {A36: Symmetrical English vs ...g6: 4 Bg2 Bg7} fxe4 $146 ({Predecessor:} 11... Nxd5 12. exd5 Nd4 13. Nxd4 {½-½ (13) Cekro,E (2408)-De Haan,E (2329) Belgium 2016}) 12. dxe4 Be6 13. Bd2 {White is slightly better.} Rf7 14. Qc1 Rc8 15. Bg5 Qf8 16. Qd2 h6 17. Bxe7 Nxe7 18. Qxa5 Nc6 19. Qd2 h5 20. b4 Bh6 21. Qd3 Kh7 22. b5 (22. bxc5 $16 dxc5 23. Rb6) 22... Nd4 $14 23. Nxd4 cxd4 24. Rb2 h4 25. gxh4 Bxd5 26. exd5 {Threatens to win with h5.} Rf4 $1 27. Be4 {Strongly threatening h5.} Rxc4 $2 (27... Rxh4 $11 {and Black stays safe.} 28. Kh1 (28. Bxg6+ Kh8 $11) 28... Bf4) 28. Qxc4 $18 ({Weaker is} 28. Bxg6+ Kh8 $11) 28... Rg4+ {[#]} 29. Kh1 $1 (29. Bg2 {is a self mate.} Qf3 30. Qc7+ Bg7 31. Qxg7+ Kxg7 32. Kh1 Qxg2#) 29... Rxe4 30. f3 Re3 31. Rb3 Rxb3 32. Qxb3 {[%mdl 4096] Endgame KQR-KQB} Qc8 $2 (32... Qf5 33. Qc4 Qh3) 33. Qd3 {White is clearly winning.} Qc3 34. Qe4 Be3 35. h5 {[%cal Bh4h5,Bh5h6][%mdl 32]} Qc4 36. Qxg6+ Kh8 {[#]} 37. Rg1 $1 Bxg1 38. h6 {[%csl Gh6][%cal Rg6g7]} Qc7 39. Kxg1 d3 {[#]} 40. Qg7+ $1 {[%mdl 32768] Precision: White = 66%, Black = 46%. . Loss on Time!?} 1-0